000
00253nam a22001217a 4500
040
_c
SK
082
_a
959
100
_a
NA
245
_a
History; ប្រវត្តិសាស្រ្ត
260
_a
RUA
_b
NA
_c
NA
300
_a
194p.
942
_c
KB
999
_c
10236
_d
10236